000 00383nam a2200133Ia 4500
008 211119s9999||||xx |||||||||||||| ||und||
082 _a920
_bJAY-U
100 _aJayamohan,
245 0 _aUravidangal
260 _bMathrubhumi Books
_a2011
_cKottayam
300 _a142p.
650 _aHistory&geography
_vBiography, genealogy & insigmaEconomics
_xPGR-GANDHIAN STUDIES
942 _cBOOK
999 _c112119
_d112119